<?xml version="1.0" encoding="UTF-8"?>
<record
    xmlns:xsi="http://www.w3.org/2001/XMLSchema-instance"
    xsi:schemaLocation="http://www.loc.gov/MARC21/slim http://www.loc.gov/standards/marcxml/schema/MARC21slim.xsd"
    xmlns="http://www.loc.gov/MARC21/slim">

  <leader>00910nam a22001937a 4500</leader>
  <controlfield tag="005">20210414113950.0</controlfield>
  <controlfield tag="008">120530t        xxu||||| |||| 00| 0 eng d</controlfield>
  <datafield tag="020" ind1=" " ind2=" ">
    <subfield code="a">1861526598</subfield>
  </datafield>
  <datafield tag="050" ind1=" " ind2=" ">
    <subfield code="a">HF5549.L965</subfield>
  </datafield>
  <datafield tag="100" ind1=" " ind2=" ">
    <subfield code="a">Lundy, Olive.</subfield>
  </datafield>
  <datafield tag="245" ind1=" " ind2=" ">
    <subfield code="a">Strategic human resource management. /</subfield>
    <subfield code="c">Olive Lundy and Alan Cowling</subfield>
  </datafield>
  <datafield tag="260" ind1=" " ind2=" ">
    <subfield code="a">Austrlia:</subfield>
    <subfield code="b">Thomson,</subfield>
    <subfield code="c">1996.</subfield>
  </datafield>
  <datafield tag="300" ind1=" " ind2=" ">
    <subfield code="a">vii, 400 p. :</subfield>
    <subfield code="b">ill. ;</subfield>
    <subfield code="c">21.5 cm.</subfield>
  </datafield>
  <datafield tag="500" ind1=" " ind2=" ">
    <subfield code="a">Includes index.</subfield>
  </datafield>
  <datafield tag="505" ind1=" " ind2=" ">
    <subfield code="a">Contents: The Concept of strategy -- The Emergence of strategic human resource management -- Strategic management -- Strategic structures -- Culture, strategy and change -- Human resource planning and human resource strategy -- Strategic selection -- Strategic training and development -- The Strategic management of motivation and rewards -- Strategic employee relation. </subfield>
  </datafield>
  <datafield tag="650" ind1=" " ind2=" ">
    <subfield code="a">Personnel management. </subfield>
  </datafield>
  <datafield tag="700" ind1=" " ind2=" ">
    <subfield code="a">Cowling, Alan</subfield>
  </datafield>
  <datafield tag="942" ind1=" " ind2=" ">
    <subfield code="2">lcc</subfield>
    <subfield code="c">BK</subfield>
  </datafield>
  <datafield tag="999" ind1=" " ind2=" ">
    <subfield code="c">1031</subfield>
    <subfield code="d">8531</subfield>
  </datafield>
  <datafield tag="952" ind1=" " ind2=" ">
    <subfield code="0">0</subfield>
    <subfield code="1">0</subfield>
    <subfield code="2">lcc</subfield>
    <subfield code="4">0</subfield>
    <subfield code="7">0</subfield>
    <subfield code="a">WIUC-1</subfield>
    <subfield code="b">WIUC-1</subfield>
    <subfield code="c">GEN</subfield>
    <subfield code="d">2012-05-30</subfield>
    <subfield code="l">0</subfield>
    <subfield code="o">HF5549.L96</subfield>
    <subfield code="p">2556/12</subfield>
    <subfield code="r">2012-05-30 00:00:00</subfield>
    <subfield code="t">1</subfield>
    <subfield code="w">2012-05-30</subfield>
    <subfield code="y">BK</subfield>
  </datafield>
  <datafield tag="952" ind1=" " ind2=" ">
    <subfield code="0">0</subfield>
    <subfield code="1">0</subfield>
    <subfield code="2">lcc</subfield>
    <subfield code="4">0</subfield>
    <subfield code="7">0</subfield>
    <subfield code="a">WIUC-1</subfield>
    <subfield code="b">WIUC-1</subfield>
    <subfield code="c">GEN</subfield>
    <subfield code="d">2012-05-30</subfield>
    <subfield code="l">0</subfield>
    <subfield code="o">HF5549.L962</subfield>
    <subfield code="p">2557/12</subfield>
    <subfield code="r">2012-05-30 00:00:00</subfield>
    <subfield code="t">2</subfield>
    <subfield code="w">2012-05-30</subfield>
    <subfield code="y">BK</subfield>
  </datafield>
  <datafield tag="952" ind1=" " ind2=" ">
    <subfield code="0">0</subfield>
    <subfield code="1">0</subfield>
    <subfield code="2">lcc</subfield>
    <subfield code="4">0</subfield>
    <subfield code="7">0</subfield>
    <subfield code="a">WIUC-1</subfield>
    <subfield code="b">WIUC-1</subfield>
    <subfield code="c">GEN</subfield>
    <subfield code="d">2012-05-30</subfield>
    <subfield code="l">0</subfield>
    <subfield code="o">HF5549.L964</subfield>
    <subfield code="p">2558/12</subfield>
    <subfield code="r">2012-05-30 00:00:00</subfield>
    <subfield code="t">3</subfield>
    <subfield code="w">2012-05-30</subfield>
    <subfield code="y">BK</subfield>
  </datafield>
  <datafield tag="952" ind1=" " ind2=" ">
    <subfield code="0">0</subfield>
    <subfield code="1">0</subfield>
    <subfield code="2">lcc</subfield>
    <subfield code="4">0</subfield>
    <subfield code="7">0</subfield>
    <subfield code="a">WIUC-1</subfield>
    <subfield code="b">WIUC-1</subfield>
    <subfield code="c">GEN</subfield>
    <subfield code="d">2012-05-30</subfield>
    <subfield code="l">0</subfield>
    <subfield code="o">HF5549.L965</subfield>
    <subfield code="p">2559/12</subfield>
    <subfield code="r">2012-05-30 00:00:00</subfield>
    <subfield code="t">4</subfield>
    <subfield code="w">2012-05-30</subfield>
    <subfield code="y">BK</subfield>
  </datafield>
</record>
